zpět

Detail výsledku týmu

U Kalicha, Rychnov u JnN

Datum a čas kvízu

37.5 Celkem bodů Celkový počet nahraných bodů na tomto kvízu bez doplňovacích otázek.
3. Pořadí na kvízu Konečné umístění týmu na tomto kvízu.

Zaznamenané odpovědi

# Otázka Odpověď Body Výsledky
1. Piráti připravili návrh, podle... 0
2. Část historických královských... 1
3. Známý britský herec a komik od... 1
4. Společnost Google minulý týden... 1
5. Trenér české hokejové reprezen... 1
7. Kterou barvou je na mapě vyzna... 1
8. Jak se slovy na V a K česky ří... 1
9. Jak se jmenuje jedna z největš... 1
10. Vzhledem k přírodním podmínkám... 1
41. Movember je celosvětová charit... 0